[Event "CHN-chT Div-B"]
[Site "Hainan"]
[Date "2023.02.07"]
[Round "3"]
[White "Xie, Kaifan"]
[Black "Wang, Shuo"]
[Result "1-0"]
[WhiteElo "2224"]
[BlackElo "2228"]
[PlyCount "97"]
[EventDate "2023.02.06"]
[EventType "team-tourn"]
[EventRounds "9"]
[EventCountry "CHN"]
[SourceTitle "CBM 213 Extra"]
[Source "ChessBase"]
[SourceDate "2023.05.31"]
[SourceVersion "1"]
[SourceVersionDate "2023.05.31"]
[SourceQuality "1"]
[WhiteTeam "Hangzhou Chess Assoc"]
[BlackTeam "Qingdao Chess Association"]
[WhiteTeamCountry "CHN"]
[BlackTeamCountry "CHN"]

1. d4 Nf6 2. c4 g6 3. Nc3 Bg7 4. e4 d6 5. f3 0-0 6. Be3 e5 7. d5 Nh5 8. Qd2 f5 9. 0-0-0 a6 10. Bd3 f4 11. Bf2 Bh6 12. Kb1 Bd7 13. c5 Qe7 14. Qc2 Nf6 15. Qb3 Bc8 16. Na4 Nbd7 17. c6 b5 18. cxd7 bxa4 19. dxc8Q axb3 20. Qe6+ Qxe6 21. dxe6 bxa2+ 22. Kxa2 Rfe8 23. Ne2 Kh8 24. Rc1 Rac8 25. Rc6 Rxe6 26. Rhc1 Ne8 27. Bxa6 Ra8 28. Nc3 g5 29. h3 Bg7 30. Nd5 h5 31. Kb1 Bh6 32. Bc4 Rg6 33. Ne7 Rf6 34. Nd5 Rg6 35. Nxc7 Nxc7 36. Rxc7 Bg7 37. Bd5 Rb8 38. Rc8+ Rxc8 39. Rxc8+ Kh7 40. Bf7 Rf6 41. Bxh5 Re6 42. b4 Re7 43. b5 Rb7 44. Be8 Re7 45. Bc6 d5 46. exd5 e4 47. d6 e3 48. dxe7 exf2 49. Be4+ 1-0

[Event "Champions Challenge 100th"]
[Site "Playchess.com INT"]
[Date "2005.06.25"]
[Round "4.3"]
[White "Popovic, Dusan"]
[Black "Wang, Shuo"]
[Result "1/2-1/2"]
[WhiteElo "2471"]
[BlackElo "2230"]
[PlyCount "145"]
[EventDate "2005.06.25"]
[EventType "k.o. (blitz)"]
[EventRounds "5"]
[EventCountry "GER"]
[SourceTitle "EXT 2007"]
[Source "ChessBase"]
[SourceDate "2006.11.23"]
[SourceVersion "1"]
[SourceVersionDate "2006.11.23"]
[SourceQuality "1"]

1. e4 c5 2. Nc3 d6 3. Nf3 g6 4. Bb5+ Nc6 5. 0-0 Bg7 6. Re1 Nh6 7. Bxc6+ bxc6 8. d4 cxd4 9. Nxd4 Bd7 10. h3 0-0 11. Be3 c5 12. Nde2 f5 13. e5 Nf7 14. exd6 exd6 15. Rb1 Bc6 16. Nd5 Re8 17. Nec3 Qd7 18. Qd2 Qb7 19. f3 Re5 20. Nf4 Rae8 21. Bf2 Ng5 22. h4 Nf7 23. Nd3 Rxe1+ 24. Bxe1 Bd4+ 25. Bf2 Bg7 26. b3 Bh6 27. Qd1 g5 28. hxg5 Nxg5 29. Ne1 Nf7 30. Qd3 Qd7 31. Rd1 Qe6 32. Nd5 Ne5 33. Nc7 Nxd3 34. Nxe6 Nxf2 35. Rxd6 Be3 36. Rxc6 Nd3+ 37. Kf1 Nb4 38. Rd6 Nxa2 39. Rd8 Rxd8 40. Nxd8 Nb4 41. Ke2 Bd4 42. Ne6 Kf7 43. Nxd4 cxd4 44. Kd2 Ke6 45. g3 h5 46. Ng2 Nd5 47. Kd3 Nb4+ 48. Kxd4 Nxc2+ 49. Kc3 Na3 50. Nf4+ Ke5 51. Nxh5 Nb5+ 52. Kd3 Nd6 53. Nf4 a5 54. Ne2 Nb7 55. Kc4 Nd6+ 56. Kc5 Nf7 57. Kb5 Kd5 58. Kxa5 Ng5 59. g4 Nxf3 60. gxf5 Ke5 61. Ng3 Kf4 62. f6 Ne5 63. b4 Kxg3 64. b5 Kf4 65. b6 Kf5 66. b7 Kxf6 67. Kb6 Nd7+ 68. Kc6 Ke7 69. Kc7 Ke6 70. Kc8 Ke7 71. Kc7 Ke6 72. Kc8 Ke7 73. Kc7 1/2-1/2

[Event "Champions Challenge 100th"]
[Site "Playchess.com INT"]
[Date "2005.06.25"]
[Round "1.3"]
[White "Wang, Shuo"]
[Black "Tome, Artur"]
[Result "1-0"]
[WhiteElo "2228"]
[BlackElo "2334"]
[PlyCount "75"]
[EventDate "2005.06.25"]
[EventType "k.o. (blitz)"]
[EventRounds "5"]
[EventCountry "GER"]
[SourceTitle "EXT 2007"]
[Source "ChessBase"]
[SourceDate "2006.11.23"]
[SourceVersion "1"]
[SourceVersionDate "2006.11.23"]
[SourceQuality "1"]

1. e4 c5 2. Nf3 d6 3. d4 cxd4 4. Nxd4 Nc6 5. Nc3 Nf6 6. Bg5 e6 7. Qd2 Be7 8. 0-0-0 a6 9. f4 Qc7 10. Nb3 h6 11. Bh4 Bd7 12. g4 0-0-0 13. Be2 g5 14. fxg5 Nh7 15. Kb1 hxg5 16. Bf2 Nf8 17. Na4 Re8 18. e5 Nxe5 19. Nb6+ Kb8 20. Qd4 Nfg6 21. Na5 Nf4 22. Bf3 Bc6 23. Nxc6+ bxc6 24. Qb4 Qb7 25. Be4 d5 26. Qc3 Bf6 27. Bd4 Qc7 28. Qb4 dxe4 29. Nd5+ Qb7 30. Qd6+ Ka8 31. Nb6+ Qxb6 32. Bxb6 Rc8 33. Qa3 Kb7 34. Bd4 Nd5 35. c4 Nc7 36. Qb4+ Ka8 37. Qb6 Rhd8 38. Qa7# 1-0

[Event "Qingdao Daily Cup"]
[Site "Qingdao"]
[Date "1999.10.21"]
[Round "7"]
[White "Wang, Shuo"]
[Black "Bu, Xiangzhi"]
[Result "0-1"]
[WhiteElo "2411"]
[BlackElo "2465"]
[PlyCount "56"]
[EventDate "1999.10.18"]
[EventType "tourn"]
[EventRounds "9"]
[EventCountry "CHN"]
[EventCategory "10"]
[SourceTitle "CBM 074"]
[Source "ChessBase"]
[SourceDate "2000.02.01"]
[SourceVersion "1"]
[SourceVersionDate "2000.02.01"]
[SourceQuality "1"]

1. e4 c5 2. Nf3 Nc6 3. d4 cxd4 4. Nxd4 Nf6 5. Nc3 d6 6. Be2 e5 7. Nf3 h6 8. 0-0 Be6 9. Nd2 Be7 10. Bc4 0-0 11. Nd5 Bxd5 12. Bxd5 Nxd5 13. exd5 Nb4 14. Ne4 f5 15. Ng3 a5 16. a3 Na6 17. c4 Nc5 18. Bd2 f4 19. Ne2 f3 20. gxf3 Rxf3 21. Ng3 Qf8 22. Be3 Nd7 23. b4 axb4 24. axb4 Rxa1 25. Qxa1 Qc8 26. Qc1 Nf6 27. Qd1 e4 28. Qe2 Qh3 0-1

[Event "Qingdao Daily Cup"]
[Site "Qingdao"]
[Date "1999.10.20"]
[Round "6"]
[White "Wu, Wenjin"]
[Black "Wang, Shuo"]
[Result "1-0"]
[WhiteElo "2435"]
[BlackElo "2411"]
[PlyCount "61"]
[EventDate "1999.10.18"]
[EventType "tourn"]
[EventRounds "9"]
[EventCountry "CHN"]
[EventCategory "10"]
[SourceTitle "CBM 074"]
[Source "ChessBase"]
[SourceDate "2000.02.01"]
[SourceVersion "1"]
[SourceVersionDate "2000.02.01"]
[SourceQuality "1"]

1. Nf3 Nf6 2. c4 g6 3. Nc3 Bg7 4. e4 d6 5. d4 0-0 6. Be2 Nbd7 7. 0-0 e5 8. Re1 exd4 9. Nxd4 Re8 10. Bf1 Nc5 11. f3 Ne6 12. Be3 Nxd4 13. Bxd4 Nd7 14. Bxg7 Kxg7 15. Qd4+ Qf6 16. Qd2 Ne5 17. Nd5 Qd8 18. Qc3 f6 19. Rad1 Be6 20. c5 c6 21. Ne3 d5 22. exd5 cxd5 23. Bb5 Rf8 24. Nc4 Nxc4 25. Rxe6 Ne5 26. Rd6 Qc7 27. R1xd5 Rad8 28. Rxe5 fxe5 29. Qxe5+ Kg8 30. Bc4+ Rf7 31. Bxf7+ 1-0

[Event "Qingdao Daily Cup"]
[Site "Qingdao"]
[Date "1999.10.18"]
[Round "2"]
[White "Iuldachev, Saidali"]
[Black "Wang, Shuo"]
[Result "1-0"]
[WhiteElo "2491"]
[BlackElo "2411"]
[PlyCount "46"]
[EventDate "1999.10.18"]
[EventType "tourn"]
[EventRounds "9"]
[EventCountry "CHN"]
[EventCategory "10"]
[SourceTitle "CBM 074"]
[Source "ChessBase"]
[SourceDate "2000.02.01"]
[SourceVersion "1"]
[SourceVersionDate "2000.02.01"]
[SourceQuality "1"]

1. e4 c5 2. Nf3 Nc6 3. Nc3 d6 4. d4 cxd4 5. Nxd4 e5 6. Nf3 Nf6 7. h3 a6 8. Bc4 b5 9. Bb3 h6 10. 0-0 Bb7 11. a4 b4 12. Nd5 Nxe4 13. Be3 Nc5 14. Bxc5 dxc5 15. Re1 Bd6 16. Nb6 Rb8 17. Nc4 Bc7 18. Nfxe5 Nxe5 19. Nxe5 0-0 20. Nd7 Qg5 21. Qg4 Qxg4 22. hxg4 Bd6 23. Rad1 Bf4 1-0

[Event "Qingdao Daily Cup"]
[Site "Qingdao"]
[Date "1999.10.18"]
[Round "1"]
[White "Wang, Shuo"]
[Black "Ye, Jiangchuan"]
[Result "0-1"]
[WhiteElo "2411"]
[BlackElo "2593"]
[PlyCount "48"]
[EventDate "1999.10.18"]
[EventType "tourn"]
[EventRounds "9"]
[EventCountry "CHN"]
[EventCategory "10"]
[SourceTitle "CBM 074"]
[Source "ChessBase"]
[SourceDate "2000.02.01"]
[SourceVersion "1"]
[SourceVersionDate "2000.02.01"]
[SourceQuality "1"]

1. e4 d6 2. d4 Nf6 3. Nc3 g6 4. f4 Bg7 5. Nf3 0-0 6. Be3 b6 7. Qd2 Bb7 8. Bd3 Na6 9. e5 Ng4 10. Bg1 c5 11. h3 cxd4 12. Bxd4 dxe5 13. Bxe5 Nxe5 14. Nxe5 Nc5 15. 0-0-0 Qc7 16. Nb5 Nxd3+ 17. Qxd3 Qc5 18. Nd7 Qb4 19. Qb3 Qxf4+ 20. Kb1 Bxg2 21. Rhg1 Rfd8 22. Rxg2 Rxd7 23. Rgg1 Rad8 24. c3 Qf5+ 0-1